Normal view
MARC view
Entry Personal Name
001 - CONTROL NUMBER
- control field: 23351
003 - CONTROL NUMBER IDENTIFIER
- control field: dpl
005 - DATE AND TIME OF LATEST TRANSACTION
- control field: 20101012110251.0
008 - FIXED-LENGTH DATA ELEMENTS
- fixed length control field: 101012|||a|||||| | ||| d
040 ## - CATALOGING SOURCE
- Original cataloging agency: dpl
- Transcribing agency: dpl
100 ## - HEADING--PERSONAL NAME
- Personal name: संजय कुमार
670 ## - SOURCE DATA FOUND
- Source citation: Work cat.: (dpl)35851: संजय कुमार, मार्केटिंग एप्टीट्यूडः, 2009
670 ## - SOURCE DATA FOUND
- Source citation: Work cat.: (dpl)35851: संजय कुमार, मार्केटिंग एप्टीट्यूडः, 2009
